000 00974nam a2200277 a 4500
001 000022527
005 20250408123231.0
008 101013s2007 dr acg r 000 0 spa d
020 _a9789945161564
040 _aDO-SdBNP
_bspa
_cBNPHU
082 _a781.64
_bB828m
100 1 _aBrea Tió, Héctor
_943310
245 1 3 _aLa magia del bolero /
_cHéctor Brea Tió; prólogo Manuel Núñez.
260 _aSanto Domingo :
_bBúho,
_c2007.
300 _a408 p. :
_bil., mús., retrs. ;
_c23 cm.
500 _aIncluye datos biográficos del autor en las solapas
504 _aBibliografía : p. 407-408
590 _aInventariado, 2018/BT
650 4 _aBoleros (música)
_zRepública Dominicana
_xHistoria
_946379
650 4 _aRomanticismo en la música
_946380
650 4 _aMúsicos
_xBiografías
_946381
650 4 _aCompositores
_946382
650 4 _aCanciones
_946383
700 1 2 _aNúñez, Manuel,
_d1957-
_epról.
_92366
910 _aValidado. Control de calidad. MFF
999 _c22025
_d22025